<?xml version="1.0" encoding="UTF-8"?>
<record
    xmlns:xsi="http://www.w3.org/2001/XMLSchema-instance"
    xsi:schemaLocation="http://www.loc.gov/MARC21/slim http://www.loc.gov/standards/marcxml/schema/MARC21slim.xsd"
    xmlns="http://www.loc.gov/MARC21/slim">

  <leader>01200nam a22002297a 4500</leader>
  <controlfield tag="005">20150124123422.0</controlfield>
  <controlfield tag="008">120426t        sp||||| |||| 00| 0 spa d</controlfield>
  <datafield tag="020" ind1=" " ind2=" ">
    <subfield code="a">9788495078465</subfield>
  </datafield>
  <datafield tag="050" ind1="0" ind2="4">
    <subfield code="a">PQ6004.B45</subfield>
    <subfield code="b">O53 2007</subfield>
  </datafield>
  <datafield tag="245" ind1="0" ind2="0">
    <subfield code="a">Ola Pep&#xED;n! Dal&#xED;, Lorca y Bu&#xF1;uel en la residencia de estudiantes  </subfield>
    <subfield code="c">/ Fundaci&#xF3; Caixa Catalunya, Publicaciones de la Residencia de Estudiantes</subfield>
  </datafield>
  <datafield tag="260" ind1=" " ind2=" ">
    <subfield code="a">Espa&#xF1;a : </subfield>
    <subfield code="b">Armero Ediciones,</subfield>
    <subfield code="c">2007</subfield>
  </datafield>
  <datafield tag="300" ind1=" " ind2=" ">
    <subfield code="a">300 p. :</subfield>
    <subfield code="b">il. ;</subfield>
    <subfield code="c">21 cm. </subfield>
  </datafield>
  <datafield tag="500" ind1=" " ind2=" ">
    <subfield code="a">Ensayos escritos con motivo de las jornadas organizadas en Mayo de 2004 para conmemorar el centenario del nacimiento de Salvador Dal&#xED; y en homenaje a Jos&#xE9; Bello Lasierra cuando cumpl&#xED;a cien a&#xF1;os </subfield>
  </datafield>
  <datafield tag="504" ind1=" " ind2=" ">
    <subfield code="a">Incluye bibliograf&#xED;a e &#xED;ndices</subfield>
  </datafield>
  <datafield tag="600" ind1="1" ind2="4">
    <subfield code="a">Bello, Pep&#xED;n.,</subfield>
    <subfield code="d">(1904-2008)</subfield>
    <subfield code="q">Bello Lasierra, Jos&#xE9;</subfield>
    <subfield code="z">Espa&#xF1;a</subfield>
  </datafield>
  <datafield tag="600" ind1="1" ind2="4">
    <subfield code="a">Dal&#xED;, Salvador.,</subfield>
    <subfield code="d">(1904-1989)</subfield>
    <subfield code="q">Dal&#xED; i Dom&#xE8;nech, Salvador Dom&#xE8;nec Felip Jacint </subfield>
    <subfield code="z">Espa&#xF1;a</subfield>
  </datafield>
  <datafield tag="600" ind1="1" ind2="4">
    <subfield code="a">Garc&#xED;a Lorca.,</subfield>
    <subfield code="d">(1898-1936)</subfield>
    <subfield code="q">Garc&#xED;a Lorca, Federico.,</subfield>
    <subfield code="z">Espa&#xF1;a</subfield>
  </datafield>
  <datafield tag="600" ind1="1" ind2="4">
    <subfield code="a">Bu&#xF1;uel, Luis., </subfield>
    <subfield code="d">(1900-1983)</subfield>
    <subfield code="q">Bu&#xF1;uel Portol&#xE9;s, Luis </subfield>
    <subfield code="z">Espa&#xF1;a</subfield>
  </datafield>
  <datafield tag="650" ind1=" " ind2="7">
    <subfield code="2">LEMB.</subfield>
    <subfield code="a">Literatura</subfield>
    <subfield code="x">Historia y cr&#xED;tica</subfield>
  </datafield>
  <datafield tag="710" ind1="2" ind2=" ">
    <subfield code="a">Fundaci&#xF3; Caixa Catalunya</subfield>
    <subfield code="c">Espa&#xF1;a</subfield>
  </datafield>
  <datafield tag="942" ind1=" " ind2=" ">
    <subfield code="2">ddc</subfield>
    <subfield code="c">LIB</subfield>
  </datafield>
  <datafield tag="999" ind1=" " ind2=" ">
    <subfield code="c">30890</subfield>
    <subfield code="d">30890</subfield>
  </datafield>
  <datafield tag="952" ind1=" " ind2=" ">
    <subfield code="1">0</subfield>
    <subfield code="2">lcc</subfield>
    <subfield code="4">0</subfield>
    <subfield code="7">0</subfield>
    <subfield code="a">LIC-037</subfield>
    <subfield code="b">LIC-037</subfield>
    <subfield code="c">GENERAL</subfield>
    <subfield code="d">2012-04-26</subfield>
    <subfield code="o">PQ6004.B45 O54 2007</subfield>
    <subfield code="p">BBA000001286</subfield>
    <subfield code="r">2015-01-16 00:00:00</subfield>
    <subfield code="t">C : 1</subfield>
    <subfield code="y">LIB</subfield>
  </datafield>
</record>
